On the development of heavy and fast scintillation nano-ceramics; IEEE Nuclear Science Symposium Conference Record, 2008. NSS '08, Dresden, october 19-25, 2008

Dades bibliogràfiques
Parent link:IEEE Nuclear Science Symposium Conference Record, 2008. NSS '08, Dresden, october 19-25, 2008.— 2008.— P. 3533-3535
Altres autors: Borisevich A., Dosovitsky A., Fedorov A., Khasanov O. L. Oleg Leonidovich, Korzhik M., Mechinsky V., Missevitch O., Shevchenko G.
Sumari:Combination of nano-crystalline compounds allows to achieve ceramic composites which never can be obtained in a single crystalline or micro ceramic transparent body. In particular, combination of nano-particles of fast, bright but lightweight scintillator and heavy radiator in a single transparent composite becomes possible. Here we compare scintillation properties of YAG:Ce, YAG:Ce/HfO2(Y), YAG:Ce/Lu203, LuAG:Ce/Lu 203 nano-ceramics. Prospects of their application in PET detector modules solely or in combination with LSO:Ce, LuYAP:Ce etc. are discussed
В фонде НТБ ТПУ отсутствует
Idioma:anglès
Publicat: 2008
Matèries:
Format: MixedMaterials Capítol de llibre
KOHA link:https://koha.lib.tpu.ru/cgi-bin/koha/opac-detail.pl?biblionumber=597054

MARC

LEADER 00000naa0a2200000 4500
001 597054
005 20251209095258.0
035 |a (RuTPU)RU\TPU\tpu\20150 
090 |a 597054 
100 |a 20111011d2008 k||y0rusy50 ba 
101 0 |a eng 
102 |a DE 
200 1 |a On the development of heavy and fast scintillation nano-ceramics  |f A. Borisevich [et al.] 
330 |a Combination of nano-crystalline compounds allows to achieve ceramic composites which never can be obtained in a single crystalline or micro ceramic transparent body. In particular, combination of nano-particles of fast, bright but lightweight scintillator and heavy radiator in a single transparent composite becomes possible. Here we compare scintillation properties of YAG:Ce, YAG:Ce/HfO2(Y), YAG:Ce/Lu203, LuAG:Ce/Lu 203 nano-ceramics. Prospects of their application in PET detector modules solely or in combination with LSO:Ce, LuYAP:Ce etc. are discussed 
333 |a В фонде НТБ ТПУ отсутствует 
463 |t IEEE Nuclear Science Symposium Conference Record, 2008. NSS '08, Dresden, october 19-25, 2008  |v P. 3533-3535  |d 2008 
610 1 |a труды учёных ТПУ 
701 1 |a Borisevich  |b A. 
701 1 |a Dosovitsky  |b A. 
701 1 |a Fedorov  |b A. 
701 1 |a Khasanov  |b O. L.  |c Russian physicist, materials scientist, Doctor of Engineering  |c professor, Director of TPU Nano-Centre and Head of the Department "Nanomaterials and Nanotechnologies" of TPU  |f 1958-  |g Oleg Leonidovich  |3 (RuTPU)RU\TPU\pers\27102  |4 070  |9 12652 
701 1 |a Korzhik  |b M. 
701 1 |a Mechinsky  |b V. 
701 1 |a Missevitch  |b O. 
701 1 |a Shevchenko  |b G. 
801 1 |a RU  |b 63413507  |c 20111011 
801 2 |a RU  |b 63413507  |c 20111011  |g RCR 
942 |c BK